000 01121cam a2200313 a 4500
999 _c27828
_d27828
001 656197
005 20170210161951.0
008 941230s1995 maua b 001 0 eng
010 _a 94076508
020 _a0395709431
043 _an-us---
050 0 0 _aHD70.U5H54 1995
100 1 _aHill, Charles W. L.
245 1 0 _aStrategic management :
_ban integrated approach /
_cCharles W.L. Hill, Gareth R. Jones.
250 _a3rd ed.
260 _aBoston :
_bHoughton Mifflin Co.,
_cc1995.
300 _axxiii, 436, [557] p. :
_bill. ;
_c26 cm.
504 _aIncludes bibliographical references and index.
650 0 _aManagement
_zUnited States
_xCase studies.
650 0 _aStrategic planning
_zUnited States
_xCase studies.
650 0 _aBusiness planning
_zUnited States
_xCase studies.
700 1 _aJones, Gareth R.
942 _2lcc
_cBOOKS